[Event "Barcelona Sant Marti op-A 23rd"]
[Site "Barcelona"]
[Date "2023.07.17"]
[Round "5"]
[White "Cordoba Roa, Angel Gabriel"]
[Black "Marabajan Navas, Saul"]
[Result "1-0"]
[WhiteElo "2339"]
[BlackElo "2068"]
[PlyCount "109"]
[EventDate "2023.07.13"]
[EventType "swiss"]
[EventRounds "9"]
[EventCountry "ESP"]
[SourceTitle "CBM 215 Extra"]
[Source "ChessBase"]
[SourceDate "2023.09.30"]
[SourceVersion "1"]
[SourceVersionDate "2023.09.30"]
[SourceQuality "1"]

1. e4 c5 2. Nf3 Nc6 3. d4 cxd4 4. Nxd4 Nf6 5. Nc3 e5 6. Ndb5 d6 7. Bg5 a6 8. Na3 b5 9. Bxf6 gxf6 10. Nd5 Bg7 11. g3 f5 12. exf5 Bxf5 13. Bg2 Be6 14. c3 0-0 15. 0-0 Ra7 16. Nc2 f5 17. a4 bxa4 18. Ncb4 Nb8 19. Rxa4 Bd7 20. Ra3 Bb5 21. Re1 Raf7 22. f4 a5 23. Nc2 Nd7 24. Qa1 Nc5 25. Bf1 Bxf1 26. Rxf1 a4 27. Qd1 Qb8 28. Ncb4 Qb5 29. Re1 Re8 30. Qe2 Qb7 31. Raa1 Re6 32. Qc4 Rg6 33. Nd3 Ne4 34. Re2 h5 35. Rxe4 fxe4 36. Qxe4 Rg4 37. Rxa4 Qb3 38. Nf2 exf4 39. Ra8+ Bf8 40. Ne7+ Kh8 41. Ng6+ Rxg6 42. Qxg6 Qd5 43. Ra5 Qxa5 44. Qxf7 Bg7 45. Qe8+ Kh7 46. Qe4+ Kg8 47. Kg2 fxg3 48. hxg3 Kf7 49. Nd3 Qg5 50. Nf4 Be5 51. Qh7+ Kf6 52. Nxh5+ Ke6 53. Kh3 Qc1 54. Qg8+ Kf5 55. Qg4# 1-0

[Event "Barcelona Sant Marti op-A 23rd"]
[Site "Barcelona"]
[Date "2023.07.15"]
[Round "3"]
[White "Romero Gamez, Francisco Javier"]
[Black "Marabajan Navas, Saul"]
[Result "0-1"]
[WhiteElo "1528"]
[BlackElo "2068"]
[PlyCount "46"]
[EventDate "2023.07.13"]
[EventType "swiss"]
[EventRounds "9"]
[EventCountry "ESP"]
[SourceTitle "CBM 215 Extra"]
[Source "ChessBase"]
[SourceDate "2023.09.30"]
[SourceVersion "1"]
[SourceVersionDate "2023.09.30"]
[SourceQuality "1"]

1. d4 Nf6 2. Nc3 d5 3. Bf4 c6 4. e3 Bf5 5. Be2 h6 6. Nf3 e6 7. Ne5 g5 8. Bg3 Bb4 9. Bh5 Rf8 10. f4 Ne4 11. 0-0 Bxc3 12. bxc3 Nd7 13. Nxf7 Rxf7 14. Bxf7+ Kxf7 15. Qh5+ Kg7 16. Be1 Ndf6 17. Qe2 g4 18. Rb1 b5 19. Rb3 Nd7 20. h3 h5 21. h4 g3 22. Qxh5 Ndf6 23. Qf3 Bg4 0-1

[Event "ESP-ch U18 Rapid"]
[Site "Salobrena"]
[Date "2022.08.06"]
[Round "4"]
[White "Guillermo Gonzalez, Alvaro"]
[Black "Marabajan Navas, Saul"]
[Result "0-1"]
[WhiteElo "1909"]
[BlackElo "1578"]
[PlyCount "142"]
[EventDate "2022.08.06"]
[EventType "swiss (rapid)"]
[EventRounds "9"]
[EventCountry "ESP"]
[SourceTitle "EXT 2023"]
[Source "ChessBase"]
[SourceDate "2022.10.05"]
[SourceVersion "1"]
[SourceVersionDate "2022.10.05"]
[SourceQuality "1"]

1. Nc3 c5 2. e4 Nc6 3. Bb5 Nd4 4. Bc4 e6 5. Nge2 a6 6. d3 b5 7. Bb3 g6 8. Nxd4 cxd4 9. Ne2 Bg7 10. f4 d6 11. 0-0 Ne7 12. Ng3 d5 13. f5 exf5 14. Bg5 0-0 15. Bxd5 Ra7 16. Bb3 Kh8 17. Bxe7 Rxe7 18. exf5 Bh6 19. f6 Re5 20. Ne4 Bb7 21. Qg4 Bxe4 22. dxe4 Bg5 23. Qf3 Qc7 24. Rad1 Rd8 25. Bd5 Rd6 26. Qb3 Rxf6 27. Rxf6 Bxf6 28. Rf1 Kg7 29. Qf3 Qb6 30. Qf2 Re7 31. Kh1 Be5 32. Qh4 f6 33. Qg4 Qc7 34. Qe2 Bxh2 35. g4 Bf4 36. Rf3 Qe5 37. Qf2 Be3 38. Qg2 Rc7 39. Rh3 h6 40. Qh2 Bf4 41. Qg2 d3 42. Rxd3 Qxb2 43. e5 Qb1+ 44. Qg1 Qxg1+ 45. Kxg1 Bxe5 46. Bb3 a5 47. a4 bxa4 48. Bxa4 Kf7 49. Rd5 Rc4 50. Rxa5 Rxg4+ 51. Kf1 Rf4+ 52. Ke2 h5 53. Ra7+ Ke6 54. c4 Rf2+ 55. Ke3 Rb2 56. Bd7+ Kd6 57. Bb5 g5 58. Ke4 h4 59. Ra6+ Kc5 60. Ra3 Re2+ 61. Kf5 Rf2+ 62. Kg4 Rf4+ 63. Kh5 Kb4 64. Re3 Rf2 65. Ba6 Rg2 66. Bb7 Rg3 67. Re4 h3 68. Re2 Rg1 69. c5 Kxc5 70. Rc2+ Kd6 71. Rd2+ Ke7 0-1

[Event "Barcelona Sant Marti op-A 22nd"]
[Site "Barcelona"]
[Date "2022.07.13"]
[Round "1"]
[White "Barbero Sendic, Alejandro"]
[Black "Marabajan Navas, Saul"]
[Result "1-0"]
[WhiteElo "2326"]
[BlackElo "1936"]
[PlyCount "47"]
[EventDate "2022.07.13"]
[EventType "swiss"]
[EventRounds "9"]
[EventCountry "ESP"]
[SourceTitle "CBM 209 Extra"]
[Source "ChessBase"]
[SourceDate "2022.09.30"]
[SourceVersion "1"]
[SourceVersionDate "2022.09.30"]
[SourceQuality "1"]

1. e4 c5 2. Nf3 Nc6 3. Bc4 e6 4. 0-0 a6 5. d4 d5 6. exd5 exd5 7. Re1+ Be7 8. Bf1 Nf6 9. dxc5 0-0 10. c3 Bxc5 11. Be3 Bxe3 12. Rxe3 Qb6 13. Qb3 Qa7 14. Nbd2 Ng4 15. Re2 Bf5 16. Qxd5 g6 17. Qd6 Nce5 18. Nxe5 Rad8 19. Qe7 Nxf2 20. Rxf2 Rxd2 21. Qh4 Re8 22. Re1 Red8 23. Nc4 Rd1 24. Ne3 1-0

[Event "ESP-ch U18"]
[Site "Salobrena"]
[Date "2021.07.30"]
[Round "8"]
[White "Aguado Doncel, Pablo Luis"]
[Black "Marabajan Navas, Saul"]
[Result "1-0"]
[WhiteElo "2129"]
[BlackElo "1830"]
[PlyCount "109"]
[EventDate "2021.07.26"]
[EventType "swiss"]
[EventRounds "9"]
[EventCountry "ESP"]
[SourceTitle "CBM 203 Extra"]
[Source "ChessBase"]
[SourceDate "2021.09.30"]
[SourceVersion "1"]
[SourceVersionDate "2021.09.30"]
[SourceQuality "1"]

1. d4 d5 2. c4 e6 3. Nf3 c5 4. e3 Nc6 5. cxd5 exd5 6. Bb5 Nf6 7. 0-0 Be7 8. Bxc6+ bxc6 9. Qc2 Qb6 10. b3 0-0 11. Ba3 Nd7 12. Rc1 Re8 13. dxc5 Qc7 14. Nd4 Bf6 15. Bb2 Nf8 16. Nd2 Ng6 17. b4 a6 18. a4 Bxd4 19. Bxd4 Rb8 20. Rab1 Nh4 21. Qd1 Bf5 22. Rb2 Bg6 23. Qf1 Qd7 24. b5 axb5 25. axb5 cxb5 26. c6 Qg4 27. h3 Qg5 28. f4 Qg3 29. c7 Rbc8 30. Rc3 Be4 31. Nxe4 dxe4 32. Qf2 Nf3+ 33. Kf1 Qxf2+ 34. Kxf2 Nxd4 35. exd4 g6 36. Rxb5 f6 37. d5 Kf7 38. d6 Ke6 39. Rc6 Kd7 40. Ra6 h5 41. g4 hxg4 42. hxg4 Rf8 43. f5 g5 44. Rb7 Rh8 45. Rab6 Ra8 46. Rb8 Ra2+ 47. Ke3 Rh3+ 48. Kxe4 Re2+ 49. Kd4 Rd2+ 50. Kc4 Rc2+ 51. Kb5 Rb2+ 52. Ka6 Ra3+ 53. Kb7 Rxb6+ 54. Kxb6 Rb3+ 55. Ka5 1-0

[Event "Sant Andreu Tram-C"]
[Site "Barcelona"]
[Date "2019.11.09"]
[Round "7.2"]
[White "Marabajan Navas, Saul"]
[Black "Gonzalez Muelas, Javier"]
[Result "0-1"]
[WhiteElo "1658"]
[BlackElo "1661"]
[PlyCount "80"]
[EventDate "2019.09.14"]
[EventType "tourn"]
[EventRounds "9"]
[EventCountry "ESP"]
[SourceTitle "EXT 2024"]
[Source "ChessBase"]
[SourceDate "2023.10.10"]
[SourceVersion "1"]
[SourceVersionDate "2023.10.10"]
[SourceQuality "1"]

1. Nf3 Nf6 2. c4 e6 3. g3 b6 4. Bg2 Bb7 5. 0-0 d6 6. Nc3 Be7 7. d4 0-0 8. Qc2 Nbd7 9. e4 e5 10. Bg5 Re8 11. Rad1 c6 12. Rfe1 Qc7 13. Qb1 h6 14. Bc1 Rac8 15. h4 a6 16. Nh2 exd4 17. Rxd4 Ne5 18. b3 d5 19. exd5 cxd5 20. Nxd5 Nxd5 21. Bxd5 Bc5 22. Rf4 Bxd5 23. cxd5 Ng6 24. Rxe8+ Rxe8 25. Rf3 Re1+ 26. Kg2 Bd6 27. Re3 Rxc1 28. Re8+ Nf8 29. Qd3 Qd7 30. Re2 b5 31. Nf3 Bb8 32. Rd2 Qd6 33. Qe4 Rc5 34. Ne1 Rc8 35. Nc2 Nd7 36. Ne3 Nf6 37. Qd4 Rd8 38. f4 Qd7 39. Qd3 Re8 40. Nf5 Ne4 0-1

[Event "Foment Martinenc op-A 21st"]
[Site "Barcelona"]
[Date "2019.04.27"]
[Round "1"]
[White "Marabajan Navas, Saul"]
[Black "Porta Tovar, Oriol"]
[Result "0-1"]
[WhiteElo "1728"]
[BlackElo "2010"]
[PlyCount "118"]
[EventDate "2019.04.27"]
[EventType "swiss"]
[EventRounds "9"]
[EventCountry "ESP"]
[SourceTitle "EXT 2020"]
[Source "ChessBase"]
[SourceDate "2019.10.17"]
[SourceVersion "1"]
[SourceVersionDate "2019.10.17"]
[SourceQuality "1"]

1. Nf3 Nf6 2. c4 e6 3. g3 b6 4. Bg2 Bb7 5. 0-0 Be7 6. Nc3 0-0 7. b3 d6 8. e3 Nbd7 9. Bb2 Qc8 10. d3 h6 11. Ne1 Bxg2 12. Nxg2 Qb7 13. f4 d5 14. g4 dxc4 15. bxc4 Nc5 16. Qe2 Rad8 17. Rad1 Rd7 18. g5 hxg5 19. fxg5 Nh7 20. h4 Rfd8 21. Nf4 e5 22. Nfd5 c6 23. Nxe7+ Rxe7 24. Ba3 Re6 25. Bxc5 bxc5 26. Ne4 Qe7 27. Qf3 Rf8 28. Rd2 f5 29. Ng3 g6 30. e4 f4 31. Nh1 Qd7 32. Nf2 Qd4 33. Kh2 Qe3 34. Qg4 Rd6 35. Re2 Qd4 36. Qf3 Rb8 37. Rd1 a5 38. Ng4 a4 39. Nh6+ Kg7 40. Rdd2 a3 41. Nf5+ gxf5 42. exf5 Rh8 43. Rg2 Nf8 44. h5 Qe3 45. Qg4 f3 46. h6+ Kf7 47. Qh5+ Ke7 48. f6+ Kd7 49. Qf7+ Kc8 50. Qg7 fxg2 51. Rxg2 Qf4+ 52. Kg1 Rxd3 53. Rf2 Rd1+ 54. Kg2 Qg4+ 55. Kh2 Qg1+ 56. Kh3 Rd3+ 57. Kh4 Qxf2+ 58. Kh5 Qh2+ 59. Kg4 Qh3# 0-1

[Event "Roncana op-B 12th"]
[Site "Santa Eulalia de Roncana"]
[Date "2018.12.01"]
[Round "8"]
[White "Marabajan Navas, Saul"]
[Black "Filipenko, Yan"]
[Result "1/2-1/2"]
[WhiteElo "1540"]
[BlackElo "1165"]
[PlyCount "90"]
[EventDate "2018.09.29"]
[EventType "swiss"]
[EventRounds "8"]
[EventCountry "ESP"]
[SourceTitle "EXT 2022"]
[Source "ChessBase"]
[SourceDate "2021.10.06"]
[SourceVersion "1"]
[SourceVersionDate "2021.10.06"]
[SourceQuality "1"]

1. Nf3 d5 2. c4 e6 3. g3 Nf6 4. Bg2 Bc5 5. cxd5 Nxd5 6. d4 Bb6 7. 0-0 0-0 8. e4 Nf6 9. Bg5 h6 10. Bxf6 Qxf6 11. Nc3 Nc6 12. d5 Ne5 13. dxe6 Nxf3+ 14. Qxf3 fxe6 15. Qxf6 Rxf6 16. Rad1 c6 17. Na4 e5 18. Nxb6 axb6 19. a3 Be6 20. f4 exf4 21. gxf4 Bc4 22. Rf2 Raf8 23. Rd4 Ba6 24. e5 Re6 25. Be4 g5 26. Bc2 Re7 27. e6 c5 28. Re4 gxf4 29. Rexf4 Rxf4 30. Rxf4 Bb5 31. Rf6 h5 32. Rh6 Be8 33. h4 Kg7 34. Rh7+ Kf6 35. Rxe7 Kxe7 36. Bf5 Kf6 37. Bh3 Bc6 38. Kf2 Bd5 39. Ke3 Bxe6 40. Bxe6 Kxe6 41. Kf4 Kf6 42. a4 c4 43. Ke4 Ke6 44. Kf4 Kf6 45. Ke4 Ke6 1/2-1/2

[Event "Llinars del Valles op-B 12th"]
[Site "Llinars del Valles"]
[Date "2018.06.02"]
[Round "7.15"]
[White "Quiros Garcia, Luis"]
[Black "Marabajan Navas, Saul"]
[Result "1-0"]
[WhiteElo "1341"]
[BlackElo "1540"]
[PlyCount "105"]
[EventDate "2018.04.14"]
[EventType "swiss"]
[EventRounds "8"]
[EventCountry "ESP"]
[SourceTitle "CBM 184 Extra"]
[Source "ChessBase"]
[SourceDate "2018.06.28"]
[SourceVersion "1"]
[SourceVersionDate "2018.06.28"]
[SourceQuality "1"]

1. b4 d6 2. Bb2 e5 3. e3 Be6 4. c4 g6 5. d4 Bg7 6. dxe5 Bxe5 7. Bxe5 dxe5 8. Qxd8+ Kxd8 9. Nf3 f6 10. Bd3 Nd7 11. Nc3 c6 12. h4 Ne7 13. Ne4 Kc7 14. a4 f5 15. Neg5 Bg8 16. Be2 h6 17. Nh3 e4 18. Nd4 Ne5 19. c5 Nd5 20. b5 Bf7 21. 0-0 Nc3 22. Nf4 Nxe2+ 23. Nfxe2 Nd3 24. Ra3 Nxc5 25. bxc6 bxc6 26. Rc1 Kd6 27. Nxc6 Kxc6 28. Rac3 Rac8 29. Rxc5+ Kd7 30. Nd4 Rxc5 31. Rxc5 Rc8 32. Ra5 Ra8 33. Ra6 Kc7 34. a5 Kb7 35. Rd6 Rc8 36. Rd7+ Rc7 37. a6+ Kb6 38. Rd6+ Kc5 39. Rf6 Kd5 40. Kh2 Ke5 41. Rc6 Rxc6 42. Nxc6+ Kd6 43. Nxa7 Kc7 44. Nb5+ Kb6 45. a7 Bd5 46. Nd4 Kxa7 47. Kg3 Kb6 48. Kf4 Kc7 49. h5 Bf7 50. hxg6 Bxg6 51. Nxf5 h5 52. Kxe4 Kd7 53. Ke5 1-0

[Event "Llinars del Valles op-B 12th"]
[Site "Llinars del Valles"]
[Date "2018.05.26"]
[Round "6.21"]
[White "Marabajan Navas, Saul"]
[Black "Bautista Sarmiento, Joel"]
[Result "1-0"]
[WhiteElo "1540"]
[BlackElo "1373"]
[PlyCount "89"]
[EventDate "2018.04.14"]
[EventType "swiss"]
[EventRounds "8"]
[EventCountry "ESP"]
[SourceTitle "CBM 184 Extra"]
[Source "ChessBase"]
[SourceDate "2018.06.28"]
[SourceVersion "1"]
[SourceVersionDate "2018.06.28"]
[SourceQuality "1"]

1. Nf3 c5 2. c4 Nc6 3. Nc3 g6 4. b3 Bg7 5. Bb2 e5 6. d3 Nge7 7. g3 0-0 8. Bg2 d6 9. 0-0 Rb8 10. e3 Be6 11. Nd2 f5 12. f4 Nb4 13. Qe2 a6 14. a3 Nbc6 15. Nd5 e4 16. Bxg7 Kxg7 17. dxe4 fxe4 18. Bxe4 Bf5 19. Bxf5 Nxf5 20. Nf3 Re8 21. Qb2+ Kf7 22. Ng5+ Kg8 23. Nf6+ Kf8 24. Nxe8 Qxe8 25. Qh8+ Ke7 26. Qxe8+ Rxe8 27. g4 Ng7 28. Nxh7 Kd8 29. Rfe1 Ne6 30. Nf6 Rf8 31. Nd5 Nc7 32. Nxc7 Kxc7 33. Kg2 Na5 34. Rab1 b5 35. cxb5 axb5 36. h4 Kd7 37. Kg3 Ke7 38. e4 Kf7 39. f5 Nc6 40. Red1 Rd8 41. Kf4 Kf6 42. g5+ Kg7 43. Rb2 Kf7 44. Rbd2 Ke7 45. fxg6 1-0

[Event "Roncana op-B 10th"]
[Site "Santa Eulalia de Roncana"]
[Date "2016.09.24"]
[Round "1"]
[White "Marabajan Navas, Saul"]
[Black "Homs Jimenez, Pau"]
[Result "0-1"]
[WhiteElo "1693"]
[BlackElo "1424"]
[PlyCount "128"]
[EventDate "2016.09.24"]
[EventType "swiss"]
[EventRounds "8"]
[EventCountry "ESP"]
[SourceTitle "EXT 2018"]
[Source "ChessBase"]
[SourceDate "2017.10.13"]
[SourceVersion "1"]
[SourceVersionDate "2017.10.13"]
[SourceQuality "1"]

1. d4 d5 2. e3 Nf6 3. Bd3 g6 4. Nf3 Bg7 5. 0-0 0-0 6. c4 c6 7. Nc3 b6 8. h3 Bb7 9. Re1 e6 10. e4 dxe4 11. Nxe4 c5 12. dxc5 Nxe4 13. Bxe4 Qxd1 14. c6 Qxe1+ 15. Nxe1 Bxc6 16. Bxc6 Nxc6 17. Nd3 Rfd8 18. Ne1 Rd1 19. Kf1 Nd4 20. Rb1 Nc2 21. Ke2 Rxe1+ 22. Kd2 Rd8+ 23. Kxc2 Rdd1 24. a3 Bh6 25. Bxh6 Rxb1 26. Bd2 Rg1 27. g3 Rbf1 28. Be3 Rd1 29. f3 Rgf1 30. Bf4 Rd7 31. Kb3 Rxf3+ 32. Kb4 Rf2 33. b3 a6 34. Be3 Rf3 35. Bxb6 Rb7 36. Ka5 Rxb3 37. c5 Rxa3+ 38. Kb4 Rxg3 39. Ka5 Ra3+ 40. Kb4 Ra1 41. h4 Rb1+ 42. Ka5 R1xb6 43. cxb6 Rxb6 44. Kxb6 f5 45. Kxa6 e5 46. Kb5 Kf7 47. Kc4 Ke6 48. Kd3 Kd5 49. Kd2 Kd4 50. Ke2 e4 51. Kf2 f4 52. Ke2 Kc3 53. Kd1 Kd3 54. Ke1 e3 55. Kd1 f3 56. Ke1 Kc2 57. Kf1 Kd2 58. Kg1 f2+ 59. Kf1 e2+ 60. Kxf2 e1Q+ 61. Kg2 Qe3 62. Kh2 Ke2 63. Kh1 Kf2 64. h5 Qh3# 0-1

[Event "Barcelona Sant Marti op-B 16th"]
[Site "Barcelona"]
[Date "2014.07.20"]
[Round "8"]
[White "Olleta Tanya, Jordi"]
[Black "Marabajan Navas, Saul"]
[Result "1-0"]
[WhiteElo "1749"]
[BlackElo "1723"]
[PlyCount "165"]
[EventDate "2014.07.13"]
[EventType "swiss"]
[EventRounds "9"]
[EventCountry "ESP"]
[SourceTitle "CBM 161 Extra"]
[Source "ChessBase"]
[SourceDate "2014.08.29"]
[SourceVersion "1"]
[SourceVersionDate "2014.08.29"]
[SourceQuality "1"]

1. Nf3 d5 2. g3 Nc6 3. Bg2 Nf6 4. 0-0 Bf5 5. b3 e6 6. Bb2 Be7 7. d3 0-0 8. Nbd2 Qd6 9. Nh4 Bg4 10. h3 Bh5 11. Bf3 e5 12. Bxh5 Nxh5 13. Nf5 Qe6 14. Nxe7+ Nxe7 15. Kh2 f5 16. e4 Qg6 17. exf5 Nxf5 18. Qg4 Qh6 19. Nf3 Rf6 20. Bc1 Qg6 21. Qxg6 Rxg6 22. Nxe5 Nfxg3 23. Nxg6 Nxf1+ 24. Kg2 hxg6 25. Kxf1 Rf8 26. Be3 Ng3+ 27. Kg2 Nf5 28. Bxa7 Nh4+ 29. Kg3 Nf5+ 30. Kg2 c6 31. Bc5 Rf7 32. Re1 Nh4+ 33. Kf1 Nf3 34. Re8+ Kh7 35. Re7 Ng5 36. Rxf7 Nxf7 37. Kg2 Nh6 38. a4 Nf5 39. Kf3 Nh4+ 40. Kf4 Ng2+ 41. Kg5 Ne1 42. f4 Nxc2 43. f5 gxf5 44. Kxf5 d4 45. Ke4 g5 46. Kf5 Kh6 47. Be7 Ne3+ 48. Ke4 Nd5 49. Bc5 Nf4 50. h4 b5 51. hxg5+ Kxg5 52. axb5 cxb5 53. Bxd4 Ne6 54. Bg1 Nc7 55. b4 Na6 56. Bc5 Kf6 57. Kd5 Nc7+ 58. Kc6 Ne6 59. Kxb5 Nf4 60. d4 Nd3 61. Kc4 Nb2+ 62. Kd5 Nd3 63. Kd6 Nf4 64. b5 Ne6 65. b6 Nd8 66. Kc7 Ne6+ 67. Kc8 Kf5 68. b7 Ke4 69. b8Q Kd5 70. Qb3+ Ke4 71. Qxe6+ Kd3 72. d5 Kc4 73. Bg1 Kb5 74. Qb6+ Kc4 75. Qc5+ Kd3 76. Qd4+ Ke2 77. d6 Kf3 78. d7 Kg3 79. d8R Kf3 80. Re8 Kg3 81. Qf6 Kg4 82. Rg8+ Kh5 83. Qh8# 1-0

[Event "Barcelona Sant Marti op-B 16th"]
[Site "Barcelona"]
[Date "2014.07.19"]
[Round "7"]
[White "Marabajan Navas, Saul"]
[Black "Tordera Jumilla, Joaquim"]
[Result "1-0"]
[WhiteElo "1723"]
[BlackElo "1700"]
[PlyCount "119"]
[EventDate "2014.07.13"]
[EventType "swiss"]
[EventRounds "9"]
[EventCountry "ESP"]
[SourceTitle "CBM 161 Extra"]
[Source "ChessBase"]
[SourceDate "2014.08.29"]
[SourceVersion "1"]
[SourceVersionDate "2014.08.29"]
[SourceQuality "1"]

1. e4 e5 2. Nf3 f6 3. Nc3 Bb4 4. a3 Bxc3 5. bxc3 d6 6. Bb5+ Nc6 7. 0-0 Bd7 8. Bxc6 Bxc6 9. d3 Qd7 10. c4 Ne7 11. Be3 b6 12. Qd2 0-0 13. Rae1 a5 14. h3 f5 15. Nh2 fxe4 16. dxe4 Bxe4 17. f3 Bc6 18. Ng4 Rf7 19. Bh6 Nf5 20. Qg5 Kh8 21. Rf2 Rg8 22. Qh5 gxh6 23. Ref1 Ng3 24. Qxh6 Nxf1 25. Rxf1 Qe7 26. Qh5 Bd7 27. Nh6 Be8 28. Nxf7+ Bxf7 29. Qf5 Qe6 30. Qd3 Qe7 31. f4 e4 32. Qd4+ Rg7 33. g4 h5 34. Re1 hxg4 35. Kh2 g3+ 36. Kg2 Kh7 37. Rxe4 Qh4 38. f5 Qg5 39. Rg4 Bd5+ 40. Kxg3 Qe7 41. Qxd5 Qe1+ 42. Kf4 Rxg4+ 43. hxg4 Qf2+ 44. Qf3 Qd4+ 45. Qe4 Qe5+ 46. Qxe5 dxe5+ 47. Kxe5 Kg7 48. f6+ Kf7 49. g5 c6 50. g6+ Kf8 51. Ke6 c5 52. g7+ Kg8 53. f7+ Kxg7 54. Ke7 Kh7 55. f8Q b5 56. cxb5 a4 57. Qf5+ Kh8 58. Qf8+ Kh7 59. Kf7 c4 60. Qg7# 1-0

[Event "Barcelona Sant Marti op-B 16th"]
[Site "Barcelona"]
[Date "2014.07.16"]
[Round "4"]
[White "Romeo Ros, Joaquin"]
[Black "Marabajan Navas, Saul"]
[Result "1-0"]
[WhiteElo "1858"]
[BlackElo "1723"]
[PlyCount "71"]
[EventDate "2014.07.13"]
[EventType "swiss"]
[EventRounds "9"]
[EventCountry "ESP"]
[SourceTitle "CBM 161 Extra"]
[Source "ChessBase"]
[SourceDate "2014.08.29"]
[SourceVersion "1"]
[SourceVersionDate "2014.08.29"]
[SourceQuality "1"]

1. d4 d5 2. c4 c6 3. Nf3 Nf6 4. Nc3 e6 5. e3 Bd6 6. Bd3 0-0 7. c5 Be7 8. Qc2 Bd7 9. e4 b6 10. e5 Ng4 11. h3 Nh6 12. Bxh7+ Kh8 13. cxb6 axb6 14. Bd3 Nf5 15. g4 Nxd4 16. Nxd4 c5 17. Nf3 Nc6 18. Qe2 c4 19. Bb1 d4 20. Nxd4 Nxd4 21. Qe4 g6 22. Qxd4 Bc5 23. Qf4 g5 24. Qxg5 Qxg5 25. Bxg5 Rg8 26. Bf6+ Rg7 27. Be4 Rc8 28. Rd1 Bc6 29. Bxc6 Rxc6 30. Ne4 Bb4+ 31. Ke2 Kg8 32. Rd8+ Bf8 33. Bxg7 Kxg7 34. h4 b5 35. h5 Kh6 36. Rxf8 1-0